[Event "Bad Woerishofen Seniors op 21st"]
[Site "Bad Woerishofen"]
[Date "2005.03.05"]
[Round "3"]
[White "Bartlitz, Heinz"]
[Black "Grimski, Wilfried"]
[Result "1-0"]
[WhiteElo "1567"]
[BlackElo "1257"]
[PlyCount "55"]
[EventDate "2005.03.03"]
[EventType "swiss"]
[EventRounds "9"]
[EventCountry "GER"]
[SourceTitle "EXT 2006"]
[Source "ChessBase"]
[SourceDate "2005.11.24"]
[SourceVersion "1"]
[SourceVersionDate "2005.11.24"]
[SourceQuality "1"]

1. e4 e5 2. Nf3 d6 3. Bc4 Qe7 4. d3 Nf6 5. h3 h6 6. Nbd2 Be6 7. Bb3 Bxb3 8. axb3 Nc6 9. c3 Qd7 10. 0-0 Be7 11. Re1 0-0 12. Nf1 a6 13. Ne3 Nd8 14. Nf5 Ne6 15. Nh2 Rfe8 16. Qf3 c6 17. Qg3 Kh7 18. Ng4 Nh5 19. Qf3 Bg5 20. Nxe5 dxe5 21. Bxg5 Nxg5 22. Qxh5 Qe6 23. h4 Qg6 24. Qg4 f6 25. hxg5 Qxg5 26. Qxg5 hxg5 27. g3 Rac8 28. Nd6 1-0